Statistiques concernant Les villes nouvelles en France

Cliquez ici pour prendre le quiz!

Statistiques générales

  • Ce quiz a été pris 84 fois
  • Le résultat moyen est 4 sur 9

Statistiques - réponses

RégionPopulation totaleVille nouvelle% Correct
Ile-de-France309,000Marne-la-Vallée
73%
Ile-de-France190,000Cergy-Pontoise
67%
Ile-de-France115,000Evry
53%
Ile-de-France227,000Saint-Quentin-en-Yvelines
43%
Ile-de-France123,000Sénart
32%
Hauts-de-France62,000Villeneuve-d'Ascq
32%
Auvergne-Rhône-Alpes43,000L'Isle-d'Abeau
23%
Normandie13,000Val-de-Reuil
18%
Provence-Alpes-Côte-d'Azur99,000Ouest Provence
12%

Distribution des résultats

Percentile par nombre de réponses

% des personnes avec chaque résultat

Votre développement - résultats

Vous n’avez pas pris ce quiz